'Girl' in the Name Quiz Stats

Quiz Updated Jun 13, 2017

Challenge
Share
Tweet
Embed
Score 0/24 Timer 04:00
4 Plays Today
% Correct
Spice Girls
97.6%
The Powerpuff Girls
92.3%
Girls Just Want to Have Fun
90.8%
Girl Scout cookies
90%
Cover Girl
88.5%
Material Girl
87.3%
Mean Girls
87.3%
Diamonds Are a Girl's Best Friend
85.6%
The Girl With the Dragon Tattoo
80.1%
Girl With a Pearl Earring
79.8%
Gilmore Girls
78.6%
Funny Girl
77.7%
% Correct
New Girl
77.5%
American Girl
77.1%
Bond girl
76.5%
Girl Meets World
76.3%
Jessie's Girl
76%
The Girl From Ipanema
72.6%
My Girl
71.3%
Girl, Interrupted
70.9%
Gone Girl
66.3%
That Girl
59.9%
Gibson Girl
58.4%
Girl
49.4%

You're not logged in!

Compare scores with friends on all Sporcle quizzes.
Sign Up with Email
OR
Log In

You Might Also Like...

Show Comments

Extras

Top Quizzes Today


Score Distribution

Your Account Isn't Verified!

In order to create a playlist on Sporcle, you need to verify the email address you used during registration. Go to your Sporcle Settings to finish the process.